| 000 | 00779nam a22002057a 4500 | ||
|---|---|---|---|
| 999 |
_c11939 _d11939 |
||
| 003 | AR-CdUCM | ||
| 008 | 190405b ||||| |||| 00| 0 spa d | ||
| 040 |
_aMUNICIPALIDAD PROVINCIAL DEL CUSCO _cBIBLIOTECA MUNICIPAL DEL CUSCO |
||
| 082 |
_aEP / 805.81 / _bB25 |
||
| 100 |
_aBausch Bedoya, Germán _92053 |
||
| 245 |
_aRayitos de sol : _bPoesía para niños / |
||
| 260 |
_aCusco : _bPachawaray, _c1998. |
||
| 300 |
_a47 paginas _c20 cm. |
||
| 500 | _aTexto escrito para el colegio Pukllasunchis y con la colaboración de V.I.D.A., Barcelona. | ||
| 505 | _aContenido :A manera de prologo -- Arbolíto -- La lluvia -- El perrito -- El avión ... | ||
| 650 |
_aPoesía cusqueña _92323 |
||
| 650 |
_aLiteratura infantil _9588 |
||
| 942 |
_2ddc _cLIBROS |
||
| 945 |
_arum _d2019-04-05 |
||